Statistics for Language Quiz

Click here to take the quiz!

General Stats

  • This quiz has been taken 5 times
  • The average score is 34 of 107

Answer Stats

WordLanguage% Correct
你好Chinese
100%
HelloEnglish
100%
HalloGerman
100%
ПриветRussian
100%
HolaSpanish
100%
HalloDutch
80%
BonjourFrench
80%
नमस्तेHindi
80%
CiaoItalian
80%
こんにちはJapanese
80%
안녕하세요Korean
80%
HaiMalay
80%
ZdravoSerbo Croatian
80%
HejSwedish
80%
வணக்கம்Tamil
80%
สวัสดีThai
80%
MerhabaTurkish
80%
ЗдравствуйтеUkrainian
80%
xin chàoVietnamese
80%
ሰላምAmharic
60%
добры дзеньBelarusian
60%
ЗдравейтеBulgarian
60%
ဟယ်လိုBurmese
60%
AhojCzech
60%
ΧαίρετεGreek
60%
ഹലോMalayalam
60%
cześćPolish
60%
ආයුබෝවන්Sinhala
60%
ہیلوUrdu
60%
侬好Wu
60%
Pẹlẹ oYoruba
60%
SawubonaZulu
60%
হেৰিAssamese
40%
NomoskarBengali
40%
哈囉Cantonese
40%
你好Gann
40%
નમસ્તેGujarati
40%
你好Hakka
40%
SannuHausa
40%
HellóHungarian
40%
HaloIndonesian
40%
Сәлеметсіз беKazakh
40%
SalamaMalagasy
40%
नमस्कारMarathi
40%
NamaskarOriya
40%
OláPortugese
40%
سلامSindhi
40%
Soo dhowowSomali
40%
KamustaTagalog
40%
IsänmesezTatar
40%
హలోTelugu
40%
Akwaaba Mema wo akwaabaAkan
20%
राम रामAwadhi
20%
प्रणामBhojpuri
20%
你好Hokkien
20%
NnọọIgbo
20%
HaloJavanese
20%
ಹಲೋKannada
20%
SwagatamMaithili
20%
नमस्कारNepali
20%
Buna ZiuaRomanian
20%
MhoroShona
20%
KequrungUyghur
20%
Mwngz ndeiZhuang
20%
Salamu 'likumAlgerian Arabic
0%
KumustaCebuano
0%
សួស្តីCentral Khmer
0%
TainChhattisgarhi
0%
চাটগাঁইয়াChittagonian
0%
नमस्कारDeccan
0%
DoroodEast Farsi
0%
Assalam alaikumEast Punjabi
0%
أهلاً و سهلاًEgyptian Arabic
0%
BonjouHaitian Creole French
0%
Jai Ram ji kiHaryanvi
0%
DayónHiligaynon
0%
KablaawIlocano
0%
您好。Jinyu
0%
RojbashKurmanji
0%
CiàoLombard
0%
بَهاسَ مَدوراMadurese
0%
मगहीMagahi
0%
Ram Ram saMarwari
0%
Wa Alaikum SalaamMesopotamian Arabic
0%
愛拚才會贏Min Bei
0%
مرحابةMoroccan Arabic
0%
يَاْ هَلاNajdi Arabic
0%
Napoletano Calabria
0%
No mbadda?Nigerian Fulfulde
0%
SalamNorth Azerbaijani
0%
SAWAT DEE สวัสดีNorth East Thai
0%
مرحبتينNorth Levantine Arabic
0%
As salam 'alaykumNorth Pashto
0%
Xayrli tong!North Uzbek
0%
Muraho BiteRwanda
0%
As-Salam-u-AlaikumSaidi Arabic
0%
MarhabaSananni Arabic
0%
تہاݙے کیا حال ہِن۔Saraiki
0%
SalamSouth Azerbaijani
0%
Salaam AlaikumSouth Pashto
0%
SalamSudanese Arabic
0%
HaloSundanese
0%
نهارك طيّبTunisian Arabic
0%
AkkamWest Central Oromo
0%
Salam AlaykumWest Farsi
0%
Sat shri akaalWest Punjabi
0%
您好。Xiang
0%

Score Distribution

Percentile by Number Answered

Percent of People with Each Score

Your Score History

You have not taken this quiz